Normal view
MARC view
- Gottschalk, Louis A.
Entry Personal Name
001 - CONTROL NUMBER
- control field: 100411
003 - CONTROL NUMBER IDENTIFIER
- control field: NUST
005 - DATE AND TIME OF LATEST TRANSACTION
- control field: 20221017115441.0
008 - FIXED-LENGTH DATA ELEMENTS
- fixed length control field: 221017|| aca||aabn | a|a d
040 ## - CATALOGING SOURCE
- Original cataloging agency: NUST
- Transcribing agency: NUST
100 ## - HEADING--PERSONAL NAME
- Personal name: Gottschalk, Louis A.
- Dates associated with a name: 1916-
670 ## - SOURCE DATA FOUND
- Source citation: Work cat.: (NUST)183167: The Content analysis of verbal behavior :, c1979.
